000 00284nam a2200121 a 4500
008 101026s1976|||| d
100 1 _aNakovski, Atanas
245 1 0 _aSvet večer, Svet ráno
260 _bTatran
_aBratislava
_c1976
041 _aslo
020 _c19
044 _axo
_cSK
999 _c12289
_d12289